000 00428pab a2200169 454500
008 180718b2008 xxu||||| |||| 00| 0 eng d
100 _aKarnik, Ajit
245 _aTransformations, then and now: the appeal of Karl Polanyi
260 _c2008
300 _ap.101-09.
362 _a29 Nov
650 _aPolanyi, Karl
650 _aEconomic reform
773 _aEconomic and Political Weekly
908 _aN
909 _a80815
999 _c80815
_d80815